000 00581nam a2200241Ia 4500
003 OSt
005 20220924134645.0
006 a|||||r|||| 00| 0
007 ta
008 220923b |||||||| |||| 00| 0 per d
024 _a284093
037 _cTextual
040 _aARTS
_cARTS
_bper
041 _2per
_aper
082 _aV2,1wJ69, 164L8
100 _aAlvi Azra
_9208955
245 0 _aMasir-e-Jahangeeri
260 _c1978
300 _aw p
_ccm.
650 _aHISTORY
942 _hV2,1wJ69, 164L8
_cTEXL
_2CC
999 _c438170
_d438170